| 000 -LEADER |
| fixed length control field |
00652 a2200181 4500 |
| 008 - FIXED-LENGTH DATA ELEMENTS--GENERAL INFORMATION |
| fixed length control field |
210811b ||||| |||| 00| 0 eng d |
| 020 ## - INTERNATIONAL STANDARD BOOK NUMBER |
| International Standard Book Number |
9781408176030 |
| 082 00 - DEWEY DECIMAL CLASSIFICATION NUMBER |
| Classification number |
623.9 |
| Item number |
L3998 |
| 100 ## - MAIN ENTRY--PERSONAL NAME |
| Personal name |
Lavers, Christopher |
| 245 ## - TITLE STATEMENT |
| Title |
Reeds Vol 7: Advanced electrotechnology for marine engineers / |
| 260 ## - PUBLICATION, DISTRIBUTION, ETC. (IMPRINT) |
| Place of publication, distribution, etc |
New Delhi: |
| Name of publisher, distributor, etc |
Adlard Coles Nautical, |
| Date of publication, distribution, etc |
2014. |
| 300 ## - PHYSICAL DESCRIPTION |
| Extent |
xiv, 527 p. |
| 490 0# - SERIES STATEMENT |
| Series statement |
Reeds Marine Engineering and Technology; |
| Volume number/sequential designation |
V. 7 |
| 500 ## - GENERAL NOTE |
| General note |
Adlard Coles Nautical (an imprint of Bloomsbury Publishing)<br/> |
| 650 #0 - SUBJECT ADDED ENTRY--TOPICAL TERM |
| Topical term or geographic name as entry element |
Marine Engineering |
| 700 ## - ADDED ENTRY--PERSONAL NAME |
| 9 (RLIN) |
1274 |
| Personal name |
Kraal, Edmund G. R. |
| 942 ## - ADDED ENTRY ELEMENTS (KOHA) |
| Source of classification or shelving scheme |
|
| Item type |
Books |